Kočičí válečníci : superedice. Věštba Modré hvězdy /
Fantasy příběh, kde hlavními hrdiny jsou divoké kočky, které spolu vedou neustálé spory a války.
Uloženo v:
| Série: | Kočičí válečníci: Superedice,
část 2 |
|---|---|
| Hlavní autor: | |
| Další autoři: | |
| Médium: | E-kniha |
| Jazyk: | Czech |
| Vydáno: |
V Praze :
Albatros,
2024
|
| Vydání: | 1. vydání |
| Témata: | |
| Příbuzné jednotky: | Přeloženo z:
Super edition warriors Z cyklu:: Kočičí válečníci: Superedice |
| Tagy: |
Žádné tagy |
| LEADER | 03003nam a2200553 i 4500 | ||
|---|---|---|---|
| 001 | 312315 | ||
| 003 | CZ PrSKC | ||
| 005 | 20260601215720.0 | ||
| 007 | ta | ||
| 008 | 240313s2024 xr a c 000 f cze | ||
| 015 | |a cnb003595147 | ||
| 020 | |a 9788000072999 |q (brožováno) : |c Kč 399,00 | ||
| 035 | |a (OCoLC)1433646763 | ||
| 040 | |a ABG001 |b cze |e rda | ||
| 041 | 1 | |a cze |h eng | |
| 072 | 7 | |a 821.111-3 |x Anglická próza, anglicky psaná |2 Konspekt | |
| 072 | 7 | |a 821-93 |x Literatura pro děti a mládež (beletrie) |2 Konspekt | |
| 080 | |a 821.111-31 |2 MRF | ||
| 080 | |a 821-93 |2 MRF | ||
| 080 | |a (0:82-312.9) |2 MRF | ||
| 100 | 1 | |a Hunter, Erin |7 mzk2006363422 |4 aut | |
| 240 | 1 | 0 | |a Bluestar's prophecy. |l Česky |
| 245 | 1 | 0 | |a Kočičí válečníci : |b superedice. |p Věštba Modré hvězdy / |c Erin Hunterová ; přeložila Beata Krenželoková |
| 246 | 3 | 0 | |a Věštba Modré hvězdy |
| 250 | |a 1. vydání | ||
| 264 | 1 | |a V Praze : |b Albatros, |c 2024 | |
| 300 | |a 435 stran : |b ilustrace ; |c 21 cm | ||
| 336 | |a text |b txt |2 rdacontent | ||
| 337 | |a bez média |b n |2 rdamedia | ||
| 338 | |a svazek |b nc |2 rdacarrier | ||
| 500 | |a Přeloženo z angličtiny | ||
| 500 | |a V tiráži chybně uveden originál Firestar's quest, správně má být: Bluestar's prophecy | ||
| 520 | 2 | |a Fantasy příběh, kde hlavními hrdiny jsou divoké kočky, které spolu vedou neustálé spory a války. |b Napětí mezi kočičími klany v lese stoupá a Hromový klan musí dokázat, že je dostatečně silný. Do této nejisté doby se v klanu rodí pozoruhodné kotě. Jak čas plyne, stává se z malé kočičky skvělá válečnice a posléze uznávaná velitelka Hromových. Modrou hvězdu ale stíhá temná věštba, podle níž jí hrozí smrt ve spárech jediného nepřítele, kterému se nedokáže vyrovnat. Tajemství z minulosti vyplouvají na povrch a nebezpečí skrývající se ve stínech může zaútočit každým okamžikem. Nakladatelská anotace. Kráceno. | |
| 521 | 8 | |a Pro čtenáře od 9 let | |
| 655 | 7 | |a anglické romány |7 fd131814 |2 czenas | |
| 655 | 7 | |a fantasy romány |7 fd184199 |2 czenas | |
| 655 | 7 | |a publikace pro děti |7 fd133156 |2 czenas | |
| 655 | 9 | |a English fiction |2 eczenas | |
| 655 | 9 | |a fantasy novels |2 eczenas | |
| 655 | 9 | |a children's literature |2 eczenas | |
| 700 | 1 | |a Krenželoková, Beata, |d 1995- |7 xx0243991 |4 trl | |
| 765 | 0 | |t Super edition warriors | |
| 787 | 0 | 8 | |i Z cyklu: |t Kočičí válečníci: Superedice |g 2 |
| 900 | |a ABA001 |b 21 | ||
| 928 | 9 | |a Albatros Media - Albatros | |
| 044 | |a xr | ||
| 910 | |a RBIT002 | ||
| 998 | |d 399878 |a https://core.palmknihy.cz/api/books/399878/cover?s9wbe0 |b https://core.palmknihy.cz/api/books/399878/cover/400?s9wbe0 |c https://core.palmknihy.cz/api/books/399878/cover/50?s9wbe0 |e 2028-01-25 |g 440 |i 9788000072999 |j https://core.palmknihy.cz/api/books/399878/preview.epub |k https://core.palmknihy.cz/api/books/399878/preview.pdf |l |q 49 |r 1 |s https://www.palmknihy.cz/kniha/399878 |t ebook |y 2024 |z 0 |v Kočičí válečníci |w 0 | ||
| 999 | |d 312313 | ||